Marshall Football: Top 10 All-Time Leaders - Statistics

General Stats
  • This quiz has been taken 6 times
  • The average score is 28 of 64
Answer Stats
Category # Player Amount % Correct
Passing Yards 2 Chad Pennington 13,143
100%
Receiving Yards 5 Randy Moss 3,467
100%
Tackles 1 Roger Johnson 548
100%
Receiving Yards 10 Aaron Dobson 2,398
67%
Rushing Yards 5 Ahmad Bradshaw 2,982
67%
Passing Yards 3 Byron Leftwich 11,903
67%
Passing Yards 5 Chase Litton 8,332
67%
Receiving Yards 2 Darius Watts 4,031
67%
Passing Yards 10 Grant Wells 5,623
67%
Rushing Yards 4 Jackie Hunt 3,900
67%
Interceptions T5 Micah Abraham 12
67%
Sacks 7 Mike Green 21.5
67%
Passing Yards 1 Rakeem Cato 14,079
67%
Rushing Yards 9 Rasheen Ali 2,831
67%
Receiving Yards 4 Tommy Shuler 3,563
67%
Receiving Yards 8 Troy Brown 2,746
67%
Sacks 4 Vinny Curry 26.5
67%
Sacks 8 Albert McClellan 20.0
33%
Tackles 2 Bill Yanossy 471
33%
Sacks 2 Billy Lyon 30.0
33%
Sacks 1 B.J. Cohen 51.0
33%
Rushing Yards 8 Brenden Knox 2,852
33%
Passing Yards 8 Carl Fodor 6,655
33%
Sacks T5 Cecil Fletcher 23.0
33%
Rushing Yards 1 Chris Parker 5,924
33%
Receiving Yards 9 Cody Slate 2,619
33%
Interceptions T2 Danny Derricott 13
33%
Rushing Yards 7 Darius Marshall 2,857
33%
Tackles T5 Donahue Stephenson 420
33%
Rushing Yards 2 Doug Chapman 4,016
33%
Rushing Yards 10 Doug Chapman 2,778
33%
Sacks T10 Gary Thompson 19.0
33%
Interceptions T9 Glenn Bates 10
33%
Sacks 9 Jamus Martin 19.5
33%
Interceptions T9 Jayson Grayson 10
33%
Interceptions T2 Joe Chirico 13
33%
Sacks T5 John Duncan 23.0
33%
Tackles 7 John Grace 414
33%
Passing Yards 7 John Gregory 7,020
33%
Tackles 9 John Spellacy 392
33%
Rushing Yards 6 John Zontini 2,900
33%
Sacks 3 Jonathan Goddard 27.5
33%
Receiving Yards 3 Josh Davis 3,889
33%
Sacks T10 Koby Cumberlander 19.0
33%
Interceptions T2 Larry Coyer 13
33%
Tackles 3 Larry McCloud 451
33%
Tackles T5 Mario Harvey 420
33%
Interceptions T9 Mark Snyder 10
33%
Tackles 10 Max Yates 382
33%
Interceptions T5 Melvin Cunningham 12
33%
Passing Yards 4 Michael Payton 9,411
33%
Receiving Yards 1 Mike Barber 4,262
33%
Receiving Yards 7 Nate Poole 2,785
33%
Sacks T10 Owen Porter 19.0
33%
Interceptions 1 Reggie Giles 19
33%
Interceptions T7 Rogers Beckett 11
33%
Rushing Yards 3 Ron Darby 3,903
33%
Tackles 8 Shannon King 409
33%
Interceptions T7 Shannon Morrison 11
33%
Receiving Yards 6 Tim Martin 2,886
33%
Passing Yards 6 Todd Donnan 7,050
33%
Passing Yards 9 Tony Petersen 6,501
33%
Interceptions T9 Von Woodson 10
33%
Tackles 4 William King 443
33%
No matching quizzes found
Score Distribution
Percent of People with Each Score
Percentile by Number Answered
Your Score History
You have not taken this quiz